Brasilia - Choix multiples - Statistiques

Statistiques générales
  • Ce quiz a été pris 14 fois
  • Le résultat moyen est 5 sur 10
Statistiques - réponses
Question Réponse % Correct
Laquelle de ces cathédrales est la cathédrale de Brasilia ?
85%
Quelle est l'une des particularités de la Ville de Brasilia ? C'est une "ville nouvelle"
69%
Quelle était la motivation géopolitique principale du transfert de la capitale vers l'intérieur des terres ? Intégrer et developper le centre du Pays
69%
Quelle était la Capitale du Brésil avant Brasilia en 1960 ? (1763-1960) Rio de Janeiro
69%
De quelle forme est la morphologie de la Ville ? Un avion
38%
Quel célèbre footballeur est né à Brasilia ? Kakà
31%
Quel lac borde la Ville ? Le Lac Paranoá
31%
Comment appelle-t-on les quartiers d'habitation standardisés conçus pour favoriser la mixité sociale et l'autonomie surtout développé à Brasilia ? Les Superquadras
31%
Comment se nomment les habitants de la Ville de Brasilia ? Brasilienses
23%
Dans quel biome se situe la Ville de Brasilia ? Savane (cerrado)
23%
Aucun quiz correspondant
Distribution des résultats
% des personnes avec chaque résultat
Percentile par nombre de réponses
Votre historique - résultats
Vous n’avez pas pris ce quiz